|
|
|
|
| LEADER |
00970nam a22002772a 4500 |
| 001 |
001691243 |
| 003 |
CZ BrMZK |
| 005 |
20201015111750.0 |
| 007 |
ta |
| 008 |
190701s1953 ru erf||||||||||rus d |
| 040 |
|
|
|a BOA001
|b cze
|e aacr2
|
| 072 |
|
7 |
|a 00
|x Věda. Všeobecnosti. Základy vědy a kultury. Vědecká práce
|2 Konspekt
|9 12
|
| 080 |
|
|
|a 001:2-1
|2 MRF
|
| 080 |
|
|
|a (0.062)
|2 MRF
|
| 100 |
1 |
|
|a Lupalo, Ivan Gerasimovič
|7 jx20081209043
|4 aut
|
| 245 |
1 |
0 |
|a Nauka protiv religii /
|c Ivan Gerasimovič Lupalo
|
| 260 |
|
|
|a Moskva :
|b Gostechizdat,
|c 1953
|
| 300 |
|
|
|a 62 s.
|
| 490 |
1 |
|
|a Naučno-prosvetitel‘naja biblioteka ;
|v vyp. 57
|
| 650 |
0 |
7 |
|a věda a víra
|7 ph116677
|2 czenas
|
| 655 |
|
7 |
|a populárně-naučné publikace
|7 fd131864
|2 czenas
|
| 830 |
|
0 |
|a Naučno-prosvetitel‘naja biblioteka
|
| 910 |
|
|
|a BOA001
|b X-0314.313
|
| 990 |
|
|
|a BK
|
| 991 |
|
|
|b 201907
|
| 996 |
7 |
|
|b 2618804762
|c X-0314.313
|l MZK
|r Sklad / do 24 hodin
|n 0
|w 001732430
|u 000010
|a 1
|e BOA001
|j MZK50
|s A
|